000 00731cam a2200229 a 4500
001 000014019
005 20200929163435.0
008 820223s1982 nyu 001 0 eng d
020 _a0671411640
040 _aDO-SdBNP
_cDLC
_dDLC
_dBNPHU
043 _an-us---
082 _aNNNN
_bG812r
100 1 _aGreenfield, Jeff,
_931722
245 1 4 _aThe real campaign :
_bhow the media missed the story of the 1980 campaign /
_cJeff Greenfield.
260 _aNew York :
_bSummit Books,
_c1982.
300 _a319, [1] p. ;
_c25 cm.
500 _aIncludes index.
650 0 _aPresidents
_zUnited States
_xElection
_y1980.
_931723
650 0 _aCampaign debates
_zUnited States.
_931724
910 _aCatalogación derivada
049 _aBNGR
999 _c13623
_d13623